000 00359nam a2200133Ia 4500
005 20251222142009.0
008 251222s9999||||xx |||||||||||||| ||spa||
082 _a658.404/B38J/2011
100 _aBeltrán Barco, Arlette
245 0 _aEjercicios de Evaluación Privada de Proyectos
250 _a4a.ed.
264 _bUniversidad del Pacífico
942 _cLIB
999 _c10277
_d10277